Development of agricultural marketing in Bangladesh / (Record no. 863)

MARC details
000 -LEADER
fixed length control field 00655nam a22002057a 4500
001 - CONTROL NUMBER
control field BD-DhSAU 863
003 - CONTROL NUMBER IDENTIFIER
control field BD-DhSAU
005 - DATE AND TIME OF LATEST TRANSACTION
control field 20150107200824.0
008 - FIXED-LENGTH DATA ELEMENTS--GENERAL INFORMATION
fixed length control field 150107b1973 bg a|||| |||| 00| 0deng d
040 ## - CATALOGING SOURCE
Original cataloging agency BD-DhSAU
082 ## - DEWEY DECIMAL CLASSIFICATION NUMBER
Edition number 22
Classification number 380.1095492
Item number RAD
100 ## - MAIN ENTRY--PERSONAL NAME
Personal name Mahmudur Rahman, Khandker
245 ## - TITLE STATEMENT
Title Development of agricultural marketing in Bangladesh /
Statement of responsibility, etc. Khandkar Mahmudur Rahman
260 ## - PUBLICATION, DISTRIBUTION, ETC. (IMPRINT)
Place of publication, distribution, etc. Comilla, Bangladesh :
Name of publisher, distributor, etc. Bangladesh academy for rural development ;
Date of publication, distribution, etc. c1973.
300 ## - PHYSICAL DESCRIPTION
Extent iii, 135 p. :
Other physical details ill. ;
Dimensions 22 cm.
504 ## - BIBLIOGRAPHY, ETC. NOTE
Bibliography, etc Includes bibliography.
590 ## - Name of Cataloguer
Name of Cataloger Jerin
650 ## - SUBJECT ADDED ENTRY--TOPICAL TERM
Topical term or geographic name as entry element Economics
650 ## - SUBJECT ADDED ENTRY--TOPICAL TERM
Topical term or geographic name as entry element Agricultural marketing
Geographic subdivision Bangladesh
942 ## - ADDED ENTRY ELEMENTS (KOHA)
Source of classification or shelving scheme Dewey Decimal Classification
Koha item type Book
Holdings
Withdrawn status Lost status Source of classification or shelving scheme Damaged status Not for loan Home library Branch Name Shelving location Date acquired Total Checkouts Full call number Barcode Date last seen Price effective from Koha item type
    Dewey Decimal Classification     SAU Library SAU Library General Stacks 13/06/1998   380.1095492 RAD 3439 07/01/2015 07/01/2015 Book
    Dewey Decimal Classification     SAU Library SAU Library General Stacks 13/06/1998   380.1095492 RAD 3433 07/01/2015 07/01/2015 Book
    Dewey Decimal Classification     SAU Library SAU Library General Stacks 13/06/1998   380.1095492 RAD 3438 07/01/2015 07/01/2015 Book
    Dewey Decimal Classification     SAU Library SAU Library General Stacks 13/06/1998   380.1095492 RAD 3434 07/01/2015 07/01/2015 Book
    Dewey Decimal Classification     SAU Library SAU Library General Stacks 13/06/1998   380.1095492 RAD 3436 07/01/2015 07/01/2015 Book
    Dewey Decimal Classification     SAU Library SAU Library General Stacks 13/06/1998   380.1095492 RAD 3432 07/01/2015 07/01/2015 Book
    Dewey Decimal Classification     SAU Library SAU Library General Stacks 13/06/1978   380.1095492 RAD 3437 07/01/2015 07/01/2015 Book
    Dewey Decimal Classification     SAU Library SAU Library General Stacks 13/06/1978   380.1095492 RAD 3435 07/01/2015 07/01/2015 Book